[Event "Moscow op-F 13th"]
[Site "Moscow"]
[Date "2017.02.03"]
[Round "8"]
[White "Klimov, Ivan"]
[Black "Volodin, Ivan"]
[Result "0-1"]
[WhiteElo "2061"]
[BlackElo "2265"]
[PlyCount "54"]
[EventDate "2017.01.27"]
[EventType "swiss"]
[EventRounds "9"]
[EventCountry "RUS"]
[SourceTitle "CBM 176 Extra"]
[Source "ChessBase"]
[SourceDate "2017.03.02"]
[SourceVersion "1"]
[SourceVersionDate "2017.03.02"]
[SourceQuality "1"]

1. g3 c5 2. Bg2 Nc6 3. Nf3 e5 4. d3 g6 5. 0-0 Bg7 6. c3 Nge7 7. e4 0-0 8. Nbd2 d6 9. a4 h6 10. Nc4 f5 11. exf5 Bxf5 12. Re1 Qd7 13. a5 Kh7 14. Ra4 Rae8 15. b3 Nc8 16. Nh4 d5 17. Nxf5 Qxf5 18. Bxd5 e4 19. Bxe4 Qxf2+ 20. Kh1 Bxc3 21. Bd2 Bxd2 22. Nxd2 Nd6 23. Rf1 Qe3 24. Nc4 Nxc4 25. Rxc4 Ne5 26. Re1 Nxc4 27. Rxe3 Nxe3 0-1

[Event "Moscow op-F 13th"]
[Site "Moscow"]
[Date "2017.02.02"]
[Round "7"]
[White "Pahomov, Ruslan"]
[Black "Klimov, Ivan"]
[Result "1/2-1/2"]
[WhiteElo "2270"]
[BlackElo "2061"]
[PlyCount "201"]
[EventDate "2017.01.27"]
[EventType "swiss"]
[EventRounds "9"]
[EventCountry "RUS"]
[SourceTitle "CBM 176 Extra"]
[Source "ChessBase"]
[SourceDate "2017.03.02"]
[SourceVersion "1"]
[SourceVersionDate "2017.03.02"]
[SourceQuality "1"]

1. e4 g6 2. d4 Bg7 3. Nc3 d6 4. Nf3 c6 5. h3 e5 6. Be2 Nd7 7. 0-0 Ngf6 8. Bg5 0-0 9. dxe5 dxe5 10. Qd6 Re8 11. Rfd1 Qe7 12. Qc7 h6 13. Be3 Nf8 14. Qxe7 Rxe7 15. Nd2 Be6 16. a4 a5 17. Nc4 Bxc4 18. Bxc4 Ne6 19. Bxe6 Rxe6 20. Rd3 Bf8 21. Rad1 Kg7 22. f3 Ree8 23. Kf2 Be7 24. b3 Bd8 25. Nb1 Bc7 26. Na3 Rab8 27. Ba7 Ra8 28. Bc5 Rab8 29. Nb1 Rbd8 30. Na3 Rxd3 31. Rxd3 Rd8 32. Rxd8 Bxd8 33. Nc4 Nd7 34. Be3 Bc7 35. Bd2 b6 36. Be3 f6 37. Ke2 h5 38. c3 Kf7 39. b4 Ke6 40. Kd3 Bd8 41. Bf2 Bc7 42. g4 hxg4 43. hxg4 Bd8 44. Nd2 Kd6 45. Kc4 Ke6 46. Nb3 Kd6 47. Nc1 Kc7 48. Nd3 Kd6 49. Bg3 b5+ 50. Kb3 bxa4+ 51. Kxa4 axb4 52. Kxb4 Bb6 53. Kc4 Be3 54. Nb2 Nc5 55. Bh4 Ke6 56. Nd3 Nxd3 57. Kxd3 Bb6 58. Kc4 Be3 59. Kb4 Bg1 60. Ka5 Be3 61. Kb4 Bg1 62. Kc4 Bb6 63. Be1 Be3 64. Kd3 Bc5 65. Bd2 Bb6 66. Bc1 Kd6 67. Kc4 Bf2 68. Ba3+ Ke6 69. Bc5 Be1 70. Be3 Kd6 71. Kb4 Ke6 72. Bc5 Kd7 73. Kc4 Ke6 74. Bb4 Bf2 75. Kb3 Kd7 76. Ka4 Be1 77. Ba5 Bf2 78. Kb4 Be3 79. Kc4 Bf2 80. Bb4 Be3 81. Bf8 Ke8 82. Bd6 Kd7 83. Bf8 Ke8 84. Bc5 Bd2 85. Ba7 Kd7 86. Kd3 Bc1 87. Kc2 Bh6 88. Kb3 Bd2 89. Bb6 Bh6 90. Ba5 Be3 91. Ka4 Bh6 92. Bb4 Be3 93. Ka5 Bf2 94. Ka6 Be1 95. Kb6 Bd2 96. Ba5 Be3+ 97. Kb7 Bd2 98. Ka6 Kd6 99. Bb4+ Kd7 100. Ba5 Kd6 101. Bb4+ 1/2-1/2

[Event "RSSS-ch"]
[Site "Ekaterinburg"]
[Date "2014.09.23"]
[Round "1"]
[White "Bernadskiy, Vitaliy"]
[Black "Klimov, Ivan"]
[Result "1-0"]
[WhiteElo "2559"]
[BlackElo "2050"]
[PlyCount "67"]
[EventDate "2014.09.23"]
[EventType "swiss"]
[EventRounds "9"]
[EventCountry "RUS"]
[SourceTitle "EXT 2015"]
[Source "ChessBase"]
[SourceDate "2014.11.20"]
[SourceVersion "1"]
[SourceVersionDate "2014.11.20"]
[SourceQuality "1"]

1. Nf3 Nf6 2. g3 g6 3. Bg2 Bg7 4. 0-0 0-0 5. d4 d5 6. Nbd2 c6 7. c4 Bf5 8. b3 Nbd7 9. Bb2 Ne4 10. Nh4 Ndf6 11. Nxe4 Bxe4 12. f3 Bf5 13. cxd5 cxd5 14. Qd2 Rc8 15. Rac1 Qd7 16. Ba3 Rfe8 17. Rfe1 Bh3 18. Rxc8 Rxc8 19. Bxh3 Qxh3 20. Bxe7 Nh5 21. Ng2 Qf5 22. g4 Qe6 23. Bg5 Nf6 24. Nf4 Qd7 25. Ng2 h5 26. h3 hxg4 27. hxg4 Re8 28. Bf4 Rc8 29. Be5 Qc6 30. Kf2 Qc2 31. Qf4 Rc6 32. Ke3 Qxa2 33. Bxf6 Bxf6 34. Qb8+ 1-0

[Event "Tula Region-ch"]
[Site "Tula"]
[Date "2014.03.17"]
[Round "7"]
[White "Klimov, Ivan"]
[Black "Kainov, Aleksey"]
[Result "1/2-1/2"]
[WhiteElo "2023"]
[BlackElo "2178"]
[PlyCount "80"]
[EventDate "2014.03.11"]
[EventType "swiss"]
[EventRounds "9"]
[EventCountry "RUS"]
[SourceTitle "CBM 159 Extra"]
[Source "ChessBase"]
[SourceDate "2014.04.24"]
[SourceVersion "1"]
[SourceVersionDate "2014.04.24"]
[SourceQuality "1"]

1. e4 c5 2. c4 Nc6 3. Nc3 g6 4. g3 Bg7 5. Bg2 Nf6 6. d3 0-0 7. Nge2 d6 8. 0-0 Bd7 9. a3 Rb8 10. Rb1 a5 11. h3 Ne8 12. f4 f5 13. Kh2 Nc7 14. Be3 Ne6 15. g4 Ned4 16. Ng3 e6 17. gxf5 exf5 18. a4 Be6 19. exf5 Nxf5 20. Nxf5 Rxf5 21. Ne4 h6 22. Bf3 Rf7 23. Rg1 Kh7 24. Bg4 Qd7 25. Bxe6 Qxe6 26. Qg4 Qxg4 27. hxg4 Rd8 28. Nc3 Nb4 29. Rbd1 b6 30. d4 Nc2 31. Bf2 Nxd4 32. Bxd4 Bxd4 33. Rgf1 Rxf4 34. Rxf4 Be5 35. Nd5 g5 36. b3 gxf4 37. Kg2 Kg6 38. Kf3 Rf8 39. Rh1 Re8 40. Rh2 Kg7 1/2-1/2

[Event "Voronezh op-B 15th"]
[Site "Voronezh"]
[Date "2011.06.17"]
[Round "6"]
[White "Klimentov, Evgeny"]
[Black "Klimov, Ivan"]
[Result "0-1"]
[WhiteElo "1729"]
[BlackElo "1928"]
[PlyCount "114"]
[EventDate "2011.06.12"]
[EventType "swiss"]
[EventRounds "9"]
[EventCountry "RUS"]
[SourceTitle "CBM 143 Extra"]
[Source "ChessBase"]
[SourceDate "2011.08.29"]
[SourceVersion "1"]
[SourceVersionDate "2011.08.29"]
[SourceQuality "1"]

1. e4 d6 2. d4 Nf6 3. Nc3 g6 4. Bg5 Bg7 5. Qd2 0-0 6. 0-0-0 c6 7. Bh6 b5 8. f3 a5 9. h4 Bxh6 10. Qxh6 Kh8 11. h5 Ng8 12. Qf4 Na6 13. g4 Nc7 14. g5 e6 15. Qh4 Qe7 16. Nge2 Bd7 17. Nf4 Be8 18. Bd3 e5 19. dxe5 dxe5 20. Ng2 Ne6 21. hxg6 fxg6 22. Kb1 Rxf3 23. Rdg1 Nd4 24. Ne2 Rxd3 25. cxd3 Nxe2 26. Re1 Nd4 27. Re3 Bd7 28. Ne1 Rf8 29. Rg3 Be6 30. Rg2 Rf4 31. Qg3 Qd6 32. Rgh2 Rf7 33. Qh4 Qc7 34. Ka1 c5 35. Kb1 Qe7 36. Ka1 h5 37. gxh6 Qxh4 38. Rxh4 Kh7 39. Kb1 Nf6 40. Nc2 Nf3 41. R4h3 Bxh3 42. Rxh3 Ng4 43. a3 a4 44. Ka2 Nf2 45. Rg3 Nxd3 46. b4 axb3+ 47. Kxb3 Nf2 48. a4 bxa4+ 49. Kxa4 Nxe4 50. Rg4 Ned2 51. Kb5 Kxh6 52. Ne3 c4 53. Nxc4 Nxc4 54. Kxc4 e4 55. Kc3 Rc7+ 56. Kb3 e3 57. Rg2 e2 0-1